Fundamental building Technology / (Record no. 8184)

MARC details
000 -LEADER
fixed length control field 01214cam a22003614a 4500
001 - CONTROL NUMBER
control field 14364274
003 - CONTROL NUMBER IDENTIFIER
control field OSt
005 - DATE AND TIME OF LATEST TRANSACTION
control field 20231004134229.0
008 - FIXED-LENGTH DATA ELEMENTS--GENERAL INFORMATION
fixed length control field 060504s2007 enka b 001 0 eng
010 ## - LIBRARY OF CONGRESS CONTROL NUMBER
LC control number 2006014984
020 ## - INTERNATIONAL STANDARD BOOK NUMBER
International Standard Book Number 0415386233 (hbk)
020 ## - INTERNATIONAL STANDARD BOOK NUMBER
International Standard Book Number 9780415386234 (hbk)
020 ## - INTERNATIONAL STANDARD BOOK NUMBER
International Standard Book Number 9780415692595
020 ## - INTERNATIONAL STANDARD BOOK NUMBER
International Standard Book Number 9780415386241 (pbk)
020 ## - INTERNATIONAL STANDARD BOOK NUMBER
International Standard Book Number 0203966090 (ebk)
020 ## - INTERNATIONAL STANDARD BOOK NUMBER
International Standard Book Number 9780203966099 (ebk)
035 ## - SYSTEM CONTROL NUMBER
System control number (OCoLC)ocm68786715
035 ## - SYSTEM CONTROL NUMBER
System control number (OCoLC)68786715
040 ## - CATALOGING SOURCE
Original cataloging agency DLC
Transcribing agency DLC
Modifying agency BAKER
-- BTCTA
-- BWKUK
-- YDXCP
-- YDX
-- DLC
042 ## - AUTHENTICATION CODE
Authentication code pcc
050 00 - LIBRARY OF CONGRESS CALL NUMBER
Classification number TH146
Item number .C514 2007
082 00 - DEWEY DECIMAL CLASSIFICATION NUMBER
Classification number 600 CHA 2013
Edition number 22
100 1# - MAIN ENTRY--PERSONAL NAME
Personal name Charlett, Andrew J.
9 (RLIN) 16706
245 10 - TITLE STATEMENT
Title Fundamental building Technology /
Statement of responsibility, etc. Andrew J. Charlett.
260 ## - PUBLICATION, DISTRIBUTION, ETC. (IMPRINT)
Place of publication, distribution, etc. London ;
Name of publisher, distributor, etc. Routledge,
Date of publication, distribution, etc. 2013
300 ## - PHYSICAL DESCRIPTION
Extent xi, 372 p. :
Other physical details ill. ;
Dimensions 26 cm.
504 ## - BIBLIOGRAPHY, ETC. NOTE
Bibliography, etc Includes bibliographical references (p. [265]-268) and index.
650 #0 - SUBJECT ADDED ENTRY--TOPICAL TERM
Topical term or geographic name as entry element Building.
9 (RLIN) 16707
856 41 - ELECTRONIC LOCATION AND ACCESS
Materials specified Table of contents only
Uniform Resource Identifier http://www.loc.gov/catdir/toc/fy0805/2006014984.html
906 ## - LOCAL DATA ELEMENT F, LDF (RLIN)
a 7
b cbc
c orignew
d 1
e ecip
f 20
g y-gencatlg
942 ## - ADDED ENTRY ELEMENTS (KOHA)
Source of classification or shelving scheme Dewey Decimal Classification
Koha item type Open Shelf
Holdings
Withdrawn status Lost status Source of classification or shelving scheme Damaged status Not for loan Home library Current library Date acquired Source of acquisition Inventory number Total Checkouts Full call number Barcode Date last seen Price effective from Koha item type
    Dewey Decimal Classification     MUST Main Library MUST Main Library 04/10/2023 Purchase 23/42196   600 CHA 2013 2023-0565 04/10/2023 04/10/2023 Open Shelf
    Dewey Decimal Classification     MUST Main Library MUST Main Library 04/10/2023 Purchase 23/42195   600 CHA 2013 2023-0566 04/10/2023   Open Shelf
    Dewey Decimal Classification     MUST Main Library MUST Main Library 04/10/2023 Purchase 23/42198   600 CHA 2013 2023-0567 04/10/2023   Open Shelf
    Dewey Decimal Classification     MUST Main Library MUST Main Library 04/10/2023 Purchase 23/42197   600 CHA 2013 2023-0568 04/10/2023   Open Shelf